Export Ready — 

Pages d'égyptologie /

Saved in:

Main Author: Drioton, Etienne, 1889-1961 (Author)

Format: Book

Language: French

Published: Le Caire : Éditions de la Revue du Caire, 1957.

Subjects:

Tags: Add Tag

No Tags, Be the first to tag this record!

Call Number: DT57.5 .D8 1957

LEADER 00733namaa2200229 4500
001 19071
003 OSt
005 20260423120249.0
008 130303s1957 ua a 000 0 fre d
040 |c ARCE Library 
043 |a f-ua--- 
050 4 |a DT57.5 .D8 1957 
100 1 |a Drioton, Etienne,   |d 1889-1961,   |e author 
245 1 0 |a Pages d'égyptologie /  |c Etienne Drioton. 
264 1 |a Le Caire :   |b Éditions de la Revue du Caire,   |c 1957. 
300 |a 386 pages :   |b ill. ;   |c 23 cm. 
500 |a "Les pages dégytologie qui compose ce volume ont paru comme articles dans la Revue du Caire pendant la dernière guerre." 
650 0 |a Egyptology. 
651 0 |a Egypt  |x Religion. 
901 |a reviewed 
942 |c BK  |2 lcc 
999 |c 16090  |d 16090